00673nam a2200181 a 4500008004100000020001500041050001800056100002400074245004500098260003300143300002000176350000900196650002400205650002000229995009100249999001700340952013400357120416s1976 ||||||||||||||||| || u a0070705585 aHG 8054.5 Wil aWilliams, C. Arthur10aRisk management and insurance. (3rd ed.) aNew York:bMcGraw-Hillc1976 ax, 678p. : ill. a0.00 aINSURANCE, BUSINESS 0aRISK MANAGEMENT D0.00FCBU-MAIN LIBRARY (Kitwe)H1I22.50UDAMAGEDZMain Library Open Access Collection c56577d56577 00102lcc4070a001b001cMain Library Open Access Collectiond2022-11-30l0oHG 8054.5 Wilp006693r2022-11-30w2022-11-30y002